Report and Valuation of Lot No 98 & 100, Section 8, Kuala Lumpur

Bibliographic Details
Main Author: Mustaffa bin Abdul Hamid
Corporate Author: Board of Valuers, Appraisers and Estate Agents Malaysia
Format: Book
Published: 1988
Subjects:

MARC

LEADER 00000cam a2200000 7i4500
001 0000026130
005 20150609.0
040 |a INS 
090 0 0 |a TPC47 
100 1 |a Mustaffa bin Abdul Hamid 
245 1 0 |a Report and Valuation of Lot No 98 & 100, Section 8, Kuala Lumpur   |c Mustaffa bin Abdul Hamid 
260 |c 1988 
300 |a 1 v. (Various paging) :   |b ill., map., pic. ;   |c 30 cm. 
650 0 0 |a Real estate agents   |z Malaysia 
710 1 |a Board of Valuers, Appraisers and Estate Agents Malaysia 
999 |a TPC0000083   |b BOOK   |c Course Notes   |e Default branch 
999 |a TPC0000084   |b BOOK   |c Course Notes   |e Default branch